Les meilleurs buteurs de l'histoire de Schalke 04 - Statistiques

Statistiques générales
  • Ce quiz a été pris 9 fois
  • Le résultat moyen est 1 sur 10
Statistiques - réponses
Buts Nationalité Joueur % Correct
124 Pays-Bas Klaas-Jan Huntelaar
100%
103 Danemark Ebbe Sand
22%
226 Allemagne Klaus Fischer
22%
141 Allemagne Bernhard Klodt
0%
88 Allemagne Ingo Anderbrügge
0%
87 Allemagne Kevin Kuranyi
0%
71 Allemagne Manfred Kreuz
0%
75 Allemagne Olaf Thon
0%
78 Allemagne Waldemar Gerhardt
0%
83 Allemagne Willi Koslowski
0%
Aucun quiz correspondant
Distribution des résultats
% des personnes avec chaque résultat
Percentile par nombre de réponses
Votre historique - résultats
Vous n’avez pas pris ce quiz